| 000 | 00748nam a2200241 4500 | ||
|---|---|---|---|
| 003 | OSt | ||
| 005 | 20260601193844.0 | ||
| 008 | 260417b1971 ag |||| |||| 00| 0 spa d | ||
| 040 |
_aICI _bspa _cICI |
||
| 050 |
_aHD69.P7 _b G66 1975 |
||
| 100 |
_aGoslin, Lewis N _931106 |
||
| 245 | 1 |
_aEl Sistema de Diseño de Productos _cLewis n. goslin ; traduccion de Juan j. Thomas |
|
| 250 | _a2 | ||
| 264 |
_bEd. El Ateneo Buenos Aires _c1971 _aBuenos Aires ; México |
||
| 300 | _a182 páginas | ||
| 336 |
_atexto _2rdacontent |
||
| 337 |
_asin medio _2rdamedia |
||
| 338 |
_avolumen _2rdacarrier |
||
| 650 |
_aProductos _931107 |
||
| 650 |
_aAnálisis de ruta crítica _931108 |
||
| 650 |
_aAnálisis de redes (Planificación) _931109 |
||
| 942 |
_2ddc _cB |
||
| 999 |
_c21544 _d21544 |
||